Statistics for NCAA Mens College Basketball Coaches With Most Wins

Click here to take the quiz!

General Stats

  • This quiz has been taken 183 times
  • The average score is 19 of 49

Answer Stats

WinsBest Known for CoachingAnswer% Correct
814North CarolinaRoy Williams
91%
899IndianaBob Knight
90%
879North CarolinaDean Smith
89%
1004SyracuseJim Boeheim
84%
1071DukeMike Krzyzewski
84%
576KentuckyTubby Smith
83%
668MarylandGary Williams
82%
664UCLAJohn Wooden
76%
770LouisvilleRick Pitino
75%
876KentuckyAdolph Rupp
74%
694KentuckyJohn Calipari
73%
747WVU, CincinnatiBob Huggins
69%
877ConnecticutJim Calhoun
66%
544Michigan St.Tom Izzo
65%
623KansasBill Self
61%
596GeorgetownJohn Thompson
61%
761UNLVJerry Tarkanian
53%
776ArizonaLute Olson
49%
675LouisvilleDenny Crum
40%
635TexasRick Barnes
38%
806Oklahoma St.Eddie Sutton
36%
719KansasPhog Allen
33%
550PurdueGene Keady
32%
571San Diego St.Steve Fisher
31%
601UNLV, OklahomaLon Kruger
29%
719UTEPDon Haskins
27%
752Oklahoma St.Hank Iba
27%
674Oregon St.Ralph Miller
26%
724DePaulRay Meyer
26%
592HoustonGuy Lewis
24%
634MissouriNorm Stewart
22%
786MarylandLefty Driesell
21%
775IllinoisLou Henson
21%
597IowaTom Davis
21%
609OklahomaBilly Tubbs
19%
581George MasonJim Larranaga
16%
676StanfordMike Montgomery
16%
586Georgia TechBobby Cremmins
15%
549North CarolinaFrank McGuire
14%
558NC State, FloridaNorm Sloan
14%
597CreightonDana Altman
9%
594TexasTom Penders
9%
634GeorgiaHugh Durham
8%
558ButlerTony Hinkle
7%
735Auburn, Clemson, CCCliff Ellis
6%
759Western KentuckyE.A. Diddle
6%
565West VirginiaGale Catlett
6%
620Utah St.Stew Morrill
6%
599Oregon St.Slats Gill
4%

Score Distribution

Percentile by Number Answered

Percent of People with Each Score

Your Score History

You have not taken this quiz